| 000 | 00316nam a22001217a 4500 | ||
|---|---|---|---|
| 082 |
_a297.61 _bM Yousaf _cMasjid |
||
| 100 |
_aMuhammad Yousaf Khan _951147 |
||
| 245 | _aتقابل ادیان | ||
| 260 |
_aLahore _bBait Ul Aloom |
||
| 300 | _a231 | ||
| 526 |
_a0 _b0 _c0 _d297_610000000000000_M_YOUFAF |
||
| 942 |
_2ddc _cBK |
||
| 999 |
_c553908 _d553908 |
||